Statistics for Famous People from Ontario

Click here to take the quiz!

General Stats

  • This quiz has been taken 26 times
  • The average score is 14 of 25

Answer Stats

HintHometownAnswer% Correct
'Baby' singing teen-idolStratfordJustin Bieber
96%
'Summer of '69' singerKingstonBryan Adams
87%
Star of 'The Truman Show'NewmarketJim Carrey
83%
Long-time 'Jeopardy' hostTorontoAlex Trebek
78%
'6ix God' rapper and pop-starTorontoDrake
78%
'Blinding Lights' singer
TorontoThe Weeknd
70%
The Great OneBrantfordWayne Gretzky
70%
'Complicated' punk-rock tomboy singerNapaneeAvril Lavigne
65%
'Avatar' directorKapuskasingJames Cameron
65%
'Shrek' voice actorTorontoMike Myers
65%
Fourth addition to Crosby, Stills, & NashTorontoNiel Young
65%
'America's Got Talent' judgeTorontoHowie Mandel
61%
Star of 'Uncle Buck'TorontoJohn Candy
61%
'The Notebook' actorLondonRyan Gosling
61%
'Honey, I Shrunk the Kids' & 'Ghostbusters' actorTorontoRick Moranis
57%
Awkward 'Superbad' actorBramptonMachael Cera
48%
'The Notebook' actressLondonRachel McAdams
48%
Uncomfortable 'American Pie' DadHamiltonEugene Levy
43%
'The Handmaid's Tale' AuthorOttawaMargaret Atwood
43%
Original SNL memberOttawaDan Aykroyd
39%
'Killing Eve' & 'Grey's Anatomy' actressOttawaSandra Oh
35%
The 90's 'Queen of Pop'TimminsShania Twain
35%
Voice of BoJack HorsemanTorontoWill Arnett
35%
Controversial conservative psychologistTorontoJordan Peterson
26%
Ethnic accent specializing comedianBramptonRussell Peters
26%

Score Distribution

Percentile by Number Answered

Percent of People with Each Score

Your Score History

You have not taken this quiz